[Event "Dortmund SuperGM 40th"]
[Site "Dortmund"]
[Date "2012.07.13"]
[Round "1"]
[White "Meier, Georg"]
[Black "Bartel, Mateusz"]
[Result "1-0"]
[WhiteElo "2644"]
[BlackElo "2674"]
[Annotator "Marin,M"]
[PlyCount "77"]
[EventDate "2012.07.13"]
[EventType "tourn"]
[EventRounds "9"]
[EventCountry "GER"]
[EventCategory "19"]
[SourceTitle "CBM 150"]
[Source "ChessBase"]
[SourceDate "2012.09.14"]
[SourceVersion "1"]
[SourceVersionDate "2012.09.14"]
[SourceQuality "1"]

1. d4 Nf6 2. c4 e6 3. g3 d5 4. Nf3 dxc4 5. Bg2 c5 6. O-O Nc6 7. dxc5 $5 {
Gelfand revived this variation during the final match with Ponomariov in
Khanty Mansyisk 2009 (see below). Previously, it was considered as risk-free
for White, but without offering any special chances for an advantage.} Qxd1 8.
Rxd1 Bxc5 9. Nbd2 c3 10. bxc3 {Black has spoiled his opponent's structure, but
is slightly behind in development. He will have to lose another tempo soon,
since his c5-bishop is vulnerable. In principle, the dynamic and static
factors should compensate for each other, but in practice it is more pleasant
to play with White.} Bd7 {Preparing to evacuate the long diagonal as soon as
possible.} ({The aforementioned game went} 10... O-O {and now, instead of the
common 11.Nb3, Gelfand unleashed the somewhat surprising} 11. Ne1 {Gelfand,B 
(2758)-Ponomariov,R (2739)/Khanty Mansiysk 2009/CBM 134/[Marin] (1-0, 52)}) 11.
Rb1 $1 {If White intends to play Nf3-e1-d3 anyway, he needs to be accurate.} ({
The hurried} 11. Ne1 $6 {allows Black to solve all his problems with} Rc8 12.
Nd3 Be7 13. Rb1 b6 {In the long run, White may even have problems with his
queenside weaknesses.}) ({Alternatively, he can transpose to the old plan with
} 11. Nb3 {, but this was not his intention. A recent game at top level went}
Be7 12. c4 O-O 13. Bb2 Rfd8 14. Nfd4 Rac8 15. Nb5 Be8 (15... b6 $5) 16. c5
Rxd1+ 17. Rxd1 Nd8 18. Nd6 Bxd6 19. cxd6 $14 {Caruana,F (2711)-Svidler,P (2739)
Khanty-Mansiysk (rapid playoffs) 2011 (0-1, 37)}) 11... O-O-O (11... b6 $6 {
does not work with the rook on a8 still:} 12. Nb3 $16 Be7 $6 13. Ne5 $18) 12.
Ne1 $146 {White sticks to Gelfand's plan. Several other moves have been tried
here.} (12. Nb3 Bb6 (12... Be7 {leaves the b-file insufficiently well defended
and allows White to create dangerous threats.} 13. c4 e5 14. Bb2 Bf5 15. Nxe5
$1 Bxb1 16. Rxb1 Nxe5 17. Bxe5 b6 18. Bh3+ Kb7 19. Na5+ Ka6 20. Nc6 $16 {
Yermolinsky,A (2420)-Kengis,E (2445)/Vilnius 1984/MCD (1-0, 27)}) 13. Ng5 Be8
14. Rxd8+ Nxd8 $1 {A typical way of neutralising the pressure along the
fianchetto diagonal. Black clears the c6-square for his bishop.} 15. Nd4 h6 16.
Ne4 Nxe4 17. Bxe4 Bc6 $11 {Dyachkov,S (2573)-Efimenko,Z (2640)/Dagomys 2010/
CBM 136 (1/2, 35)}) (12. Nd4 e5 13. Nxc6 Bxc6 14. Bxc6 bxc6 15. Bb2 Rd7 16. Nc4
Rhd8 17. Rxd7 Nxd7 18. Kg2 f6 $11 {Bauer,C (2525)-Piket,J (2630)/Germany 1998/
CBM 063/[Piket] (1/2, 35)}) (12. Ng5 Be8 13. Bb2 Be7 (13... Na5 $6 {allows
White to transform his isolated pawns in a compact and mobile phalanx:} 14. Nb3
$1 Rxd1+ 15. Rxd1 Nxb3 16. axb3 h6 17. Nf3 Nd7 18. c4 f6 19. Bc3 Bf7 20. b4 Be7
21. c5 a6 22. Nd4 $36 {Berczes,D (2519)-Gyimesi,Z (2591)/Szeged 2009/CBM 132 
(1/2, 38)}) 14. c4 h6 15. Bxc6 bxc6 16. Nh3 c5 17. Nf4 Ba4 18. Nb3 Rxd1+ 19.
Rxd1 {This position was reached in Prohaszka,P (2529)-Meszaros,M (2401)/
Nagykanizsa 2010/(1/2, 60) Black's best way of regrouping would have been} Rg8
$5 {[%cal Gf6d7] /\...Nd7}) 12... e5 13. Nd3 {Black faces the choice of where
to retreat with his bishop.} Bf5 $5 {But he decides to postpone it for one
more move.} (13... Bb6 $6 14. Nc4 Bc7 15. Bg5 $14 {[%cal Gg5f6] , threatening
to chronically weaken the kingside structure, looks promising for White, since
the a2-pawn is poisoned after} Be6 16. Nd2 Bxa2 17. Rb2 Bd5 18. Bh3+ Kb8 19. c4
Be6 20. Bg2 $40) ({However, Black seems to be doing well after the modest
retreat} 13... Be7 {/\...Bf5, פd3} 14. Bb2 (14. Bxc6 Bxc6 15. Nxe5 Ne4 $36 16.
Nxf7 $2 Rdf8 17. Nxh8 $2 Nxf2 $19) 14... Bf5 15. c4 (15. Bxc6 bxc6 16. Nc4 e4
17. Nde5 e3 $132) 15... e4 16. Bxf6 exd3 17. e4 Bg4 $132 {It is interesting to
draw the difference with the variation starting with 12.Nb3, in which Black
has to retreat with his bishop to b6 in order to defend his queenside. The
difference here is that Nd2-c4 is a permanent threat.}) 14. Rb5 Bb6 $6 {
But this is wrong.} ({Safer would have been} 14... Bd6 {for instance} 15. Nc4
a6 16. Nxd6+ Rxd6 17. Rc5 {White needs to maintain the pin along the fifth
rank in order to prevent ...e5-e4. We can see here a slight drawback of the
plan involving Ne1-d3: the knight can be pinned in certain cases.} Rhd8 18. Bg5
Nd7 19. Rc4 f6 $11) 15. Nc4 Bc7 16. Bg5 $14 {This is good enough, but White
had a tactical trick at his disposal.} (16. Ncxe5 $5 Bxe5 (16... Nxe5 17. Bxb7+
Kb8 18. Be4+ Bb6 19. Bxf5 $18) 17. Bxc6 bxc6 18. Rxe5 $16 {Maybe he thought
that the presence of opposite coloured bishops would offer Black drawing
chances?!}) 16... a6 $2 {In a previous line, the advance of the a-pawn was
good and even necessary. Here, it weakens the queenside decisively.} (16... Be6
17. Ne3 Bb6 $14) 17. Rb2 h6 (17... Be6 18. Nb6+ Bxb6 19. Rxb6 $16 e4 20. Bxf6
exd3 21. Bxd8 dxe2 22. Re1 Rxd8 23. Rb2 $18) 18. Bxf6 gxf6 19. Ne3 Bg6 20. Rdb1
$18 {Black's kingside is in ruins, while his queenside is under decisive
attack.} Na5 21. Bxb7+ Nxb7 22. Rxb7 Bxd3 23. exd3 Rxd3 24. Ra7 Rhd8 25. Rxa6
R8d6 26. Rxd6 Rxd6 27. Nf5 Rd2 28. Nxh6 Rxa2 29. h4 Bd6 30. h5 Kd7 31. Rb7+ (
31. Nxf7 $18) 31... Ke6 32. Rb6 Ra4 33. Nxf7 Kxf7 34. Rxd6 Rc4 35. Rd7+ Ke6 36.
Rg7 Rxc3 37. h6 Rc8 38. h7 Rh8 39. g4 1-0

[Event "Corus"]
[Site "Wijk aan Zee"]
[Date "2010.01.26"]
[Round "9"]
[White "Carlsen, Magnus"]
[Black "Kramnik, Vladimir"]
[Result "0-1"]
[WhiteElo "2810"]
[BlackElo "2788"]
[Annotator "Marin,M"]
[PlyCount "75"]
[EventDate "2010.01.16"]
[EventType "tourn"]
[EventRounds "13"]
[EventCountry "NED"]
[EventCategory "19"]
[SourceTitle "CBM 135"]
[Source "ChessBase"]
[SourceDate "2010.03.17"]
[SourceVersion "1"]
[SourceVersionDate "2010.03.17"]
[SourceQuality "1"]

1. d4 Nf6 2. c4 e6 3. Nf3 d5 4. g3 {In the end of the press conference after
his win over Nakamura, just the day before, Kramnik complained that he had
been Black in his last three games against Carlsen and the situation would
repeat itself in Wijk aan Zee. As if this were enough, Carlsen decides to
force the former World Champion to fight against one of his trademark openings,
the Catalan.} dxc4 {There is not much to be said about this move, but I would
like to insert here two games that bear some similarity with two types of
structures featured in the main game.} (4... dxc4 5. Bg2 c5 6. O-O Nc6 7. Ne5
Bd7 8. Na3 cxd4 9. Naxc4 Bc5 10. Qb3 O-O 11. Qxb7 Nxe5 12. Nxe5 Rb8 13. Qf3 Bd6
14. Nc6 Bxc6 15. Qxc6 e5 16. Rb1 Rb6 17. Qa4 Qb8 18. Bg5 Be7 19. b4 Bxb4 20.
Bxf6 gxf6 21. Qd7 Qc8 22. Qxa7 Rb8 23. Qa4 Bc3 24. Rxb8 Qxb8 25. Be4 Qc7 26.
Qa6 Kg7 27. Qd3 Rb8 28. Bxh7 Rb2 29. Be4 Rxa2 30. h4 {Kasparov,G (2795)-Comp
Deep Blue/Philadelphia 1996/CBM 050 ext (1-0, 73). Carlsen may have been
inspired by this game when heading for the position after, say 25 moves.
However, there is an important difference: Carlsen's knight will be passive on
a4, failing to contribute to the fight for the critical squares in any way.}) (
4... Bb4+ 5. Bd2 Be7 6. Bg2 O-O 7. O-O c6 8. Qc2 Nbd7 9. Bf4 Nh5 10. Bc1 Nhf6
11. b3 b6 12. Rd1 Ba6 13. Nbd2 Rc8 14. e4 Bb7 15. Bb2 Qc7 16. Rac1 Qb8 17. e5
Ne8 18. h4 h6 19. Nf1 c5 20. Qe2 dxc4 21. d5 $1 {The same type of sacrificial
break as Carlsen's 17.d5!! True, in this game Black's kingside has not been
weakened previously, but after the inevitable structural modifications White
will be left with a dangerous majority on this wing.} Bxd5 22. Rxd5 exd5 23.
Bh3 Rd8 24. Ne3 Nc7 25. Nf5 Rfe8 26. Nxg7 $40 {Marin,M (2515)-Horvath,J (2535)/
Odorheiu Secuiesc 1993/CBM 036 (1-0, 53)}) 5. Bg2 Bb4+ 6. Bd2 a5 7. Nc3 $5 {
This natural developing move was first met in a top level game during the Tal
Memorial 2009.} (7. Qc2 Bxd2+ (7... Ra6 $5 {Marin,M (2551)-Kortschnoj,V (2611)/
Reggio Emilia 2008/CBM 122/[Marin,M] (1/2, 58)}) 8. Qxd2 $5 {Kramnik,V (2743)
-Topalov,V (2813)/Elista 2006/CBM 115/[Marin,M] (1-0, 75)}) (7. O-O $5 O-O 8.
Bg5 {Ivanchuk,V (2740)-Alekseev,E (2711)/Foros 2008/CBM 125/[Marin,M] (1-0, 53)
}) 7... O-O 8. a3 ({Deviating from} 8. Bg5 {Gelfand,B (2758)-Kramnik,V (2772)/
Moscow 2009/CBM 133/[Marin,M] (1/2, 81)}) 8... Be7 $146 {White is allowed to
retrieve the pawn, in the hope that the time spent by the queen moving around
will allow adequate queenside counterplay.} ({After} 8... Bxc3 {Black can keep
his extra pawn, for a while at least, but White's centre would be strengthened.
It is hard to draw any conclusion from the only game played so far:} 9. bxc3 b5
10. Ne5 Ra6 11. O-O Nfd7 12. a4 c6 13. Nxc6 Rxc6 14. Bxc6 Nxc6 15. axb5 Ne7 16.
Qa4 $16 {Scarella,E (2348)-Del Cuadro,N (2186)/Villa Ballester 2004/CBM 101
ext (1-0, 29)}) 9. Qa4 ({We can see the fruits of the apparent loss of time ...
Bb4+ and ...Be7: with the bishop on d2,} 9. Ne5 {leaves the d4-pawn hanging.})
9... c6 10. Qxc4 b5 11. Qb3 $6 {A slightly strange move. The queen is rather
passive on this square.} ({I believe that} 11. Qd3 $1 {is crucial for the
evaluation of the whole variation. White keeps an eye on the h7-square and
enables Ne4, which would clear the c-file for the rook and the e1-a5 diagonal
for the bishop.} Nbd7 ({Carlsen may have been worried about} 11... Ba6 {
, but after} 12. Ne4 b4 13. Nxf6+ Bxf6 14. Qe4 $14 {the queen is quite active
in the centre, defending the e2-pawn at the same time (thus allowing castling).
}) 12. Ne4 Bb7 ({In the event of} 12... Ba6 13. b4 $1 $16 {[%csl Ga6,Gc6] we
can notice that Bd2 may be useful. In this line, the manoeuvre of the black
dark-squared bishop can be considered a mere loss of time.}) (12... Nd5 13. Rc1
Bb7 14. O-O {[%cal Ge4c5]} Qb6 15. Nfg5 $16 {[%csl Gd3]}) 13. Nxf6+ Bxf6 {
Apart from castling, with just a more pleasant position for White, he can try
the sharp attack} 14. h4 $5 e5 (14... h6 $6 15. g4 $40) 15. Ng5 g6 16. Nxh7
Kxh7 17. h5 $40) 11... Ba6 12. Bg5 {We can feel the effects of the uninspired
queen retreat to b3. White has to spend some time to defend the e2-pawn before
castling.} Nbd7 13. Bxf6 gxf6 $6 {In certain lines of the Catalan, this way of
capturing is necessary in order to avoid the minor pieces being diverted from
the control of the c5-square, in order to keep the threat of ...c5 alive. In
our game, Carlsen will find a brilliant way to take advantage of the kingside
weaknesses.} ({Besides, there would be nothing wrong with the natural} 13...
Bxf6 14. Ne4 Be7 15. O-O b4 $132) 14. Qc2 b4 15. Na4 Rc8 16. O-O c5 {When
playing his 13th move, Kramnik may have evaluated this position as being in
his favour. Indeed, the white queen will be in some trouble after the
apparently inevitable opening of the c-file, while the e2-pawn would be
hanging.} 17. d5 $3 {This brilliant pawn sacrifice changes the course of the
game radically. White provokes the weakening of the f5-square and ensures a
safe life for his queen. Suddenly, it appears that several black pieces (his
knight and a6-bishop, for instance) are far from optimally placed.} exd5 18.
Bh3 $6 {This is too slow and offers Black the few tempi he needs in order to
organise his position. When both sides' regroupings will have come to an end,
the passivity of the a4-knight will become an important factor.} ({Several
commentators gave recommended} 18. Rfd1 $1 {In fact, it is quite logical.
Black completes his development (the a1-rook is developed in view of the
permanent threat of axb4) and starts fighting for the light squares in the
centre.} d4 (18... Bb7 19. Nh4 $16 {retrieves the pawn with huge strategic
advantage.}) 19. Qf5 $40 {Black faces the strong (and, apparently, inevitable)
threat of Nxd4, followed by either Be4 with a mating attack, or Rxd4 with a
deadly pin along the d-file.}) 18... Bb5 19. axb4 axb4 20. Rfd1 d4 21. Bf5 Ne5
$1 {Black activates his position without hanging on to his material advantage.}
22. Bxh7+ (22. Bxc8 Qxc8 {would lead to a similar position as in the game,
with the difference that the h7-pawn is still on board, defending the black
king.}) 22... Kg7 23. Nxe5 fxe5 24. Bf5 {With the knight on c4, White would
have a dream position, but the way it is the situation remains very
complicated. In the next phase of the game, Kramnik will keep activating his
pieces, even if this will cost him a significant amount of material.} Rc6 25.
Qe4 Rh8 26. Qxe5+ Bf6 27. Qe4 Re8 28. Qg4+ Kf8 29. Be4 c4 $1 $44 {Finally
shattering any dreams of blockade with b3 and Nb2-c4.} 30. Bxc6 Bxc6 {Black's
bishops and his mobile mass of pawns offer Black excellent compensation. In
mutual time trouble, Carlsen will go down relatively quickly.} 31. Qh5 Re5 32.
Qh6+ Ke7 33. e4 $5 {An attempt to get some counterplay.} (33. Qd2 {is
ineffective because of} c3 34. bxc3 Qd5 35. f3 dxc3 $36) 33... d3 $1 {Not
letting himself be distracted from the main plan, consisting of advancing the
pawns.} (33... Rxe4 34. Nc5 $16) (33... Bxe4 34. Qd2 $16) 34. Qe3 Bxe4 35. Nb6
$2 {A blunder in an unpleasant position.} Bb7 $19 {winning the knight. The
centralisation of the e5-rook is impressive.} 36. Qf4 Qxb6 37. Qxc4 Re2 38. Rf1
0-1